00214nam a22000857a 4500082002200000100002500022245003400047260003800081300000900119 aTNC A6x5401 Ch357 aChaturvedi, Tungnath aSunderkand ka navneet (Hindi) aNew DelhibS. R. Enterprisec1984 a80p.